Регионална библиотека "Любен Каравелов" - Русе

Тринайсет (Запис номер 323122)

MARC детайли
000 -Лидер
Контролно поле с фиксирана дължина 00956aam a2200301 a 4500
003 - Код на организацията, давaща контролен номер
Контролно поле BLK
005 - Дата и час на последна редакция
Контролно поле 20250410171758.0
008 - Елементи от данни с фиксирана дължина
fixed length control field 181012b bu ||||| |||| 00| 0 bu d
020 ## - Международен стандартен номер на книга ISBN
Международен стандартен номер на книга ISBN 9789547694507
040 ## - Източник на каталожния запис
Идентификатор на билиотеката - собственик на записа BLK
041 ## - Код за език
Код за езика на текст/звукозапис или на отделно заглавие Български
Код за езика КДБФ Български
080 ## - УДК
Текстов определител УДК Английска литература
УДК код - определител по УДК 821.111
УДК определител -31
УДК - код + определител 821.111-31
100 ## - Редна дума - Автор
Автор Кавана, Стив
Авторска отговорност първи автор
R(LIN) 1299
139 ## - Редно поле
Редна дума Кавана, Стив
Авторски знак Каб - К 12
240 ## - Унифицирано заглавие
Унифицирано заглавие Thirteen
245 ## - Сведения за заглавието
Заглавие Тринайсет
Подзаглавни данни Роман
260 ## - Област на издателските данни
Име на издателя, разпространителя и проч. Обсидиан
Година на издаване 2018
Място на издаване, разпространение и проч. София
Печатница Абагар
Дата на отпечатване 2018
300 ## - Физическа характеристика
Страници 424 с.
Размери/Мащаб 21 см
380 ## - Жанр
Жанр Худож. лит.
500 ## - Общи забележки
Забележка Ориг. загл.: Thirteen / Steve Cavanagh
700 ## - Други автори (авторска отговорност)
Лично име Розова, Надежда Иванова
9 (RLIN) 366022
852 ## - Местоположение
Форматна сигнатура Цб 293760
999 ## - СИСТЕМНИ КОНТРОЛНИ НОМЕРА
Koha biblionumber 323122
Koha biblioitemnumber 323122
942 ## - АРТИКУЛИ
Вид на библиотечния материал Книги
Източник на класификационната схема Universal Decimal Classification
Скрит в OPAC Не
Koha issues (borrowed), all copies 27
944 ## - СЪЗДАВАНЕ И РЕДАКЦИЯ на ЗАПИСА
Създаване/Редакция Редакция
Дата на регистрацията/редакция 2019-02-19
Служител, извършил регистрацията/редакцията 30531
Статус, дата на статуса Цветелина Шанова
999 ## - СИСТЕМНИ КОНТРОЛНИ НОМЕРА
Koha biblioitemnumber 323122
999 ## - СИСТЕМНИ КОНТРОЛНИ НОМЕРА
Koha biblioitemnumber 323122
999 ## - СИСТЕМНИ КОНТРОЛНИ НОМЕРА
Koha biblioitemnumber 323122
Наличности
Код за отписване Код за изгубен артикул Източник на класификационната схема Код за повреда Коз за рестрикции Код за отдаване Артикулен № Име на библиотеката - собственик Име на библиотеката, в която се намира в момента Статус (Текущо местоположение) Дата на вписване в системата Местоположение - отдел Цена в лева Инвентарен номер Систематично азбучна сигнатура Баркод Цена в евро Служебен тип на артикула
  Не е изгубен Universal Decimal Classification Не е повреден без рестрикции заемане за дома 677876 Регионална библиотека "Любен Каравелов" Русе Регионална библиотека "Любен Каравелов" Русе Заемна - подръчен фонд 2018-06-22 Заемна - подръчен фонд 19.00 120000821613 П 820-31/К 12 120000821613 9.71 Книги
  Не е изгубен Universal Decimal Classification Не е повреден без рестрикции ползва се в читалня 689814 Регионална библиотека "Любен Каравелов" Русе Регионална библиотека "Любен Каравелов" Русе Хранилище 2019-02-19 Хранилище 19.00   Цб 293760 120000829996 9.71 Книги
Vip Innovations Ltd, Rousse, Bulgaria 2025